000 00742nam a2200229Ia 4500
001 dia_4367
003 CHAP
005 20251014144304.0
008 220601s9999 xx 000 0 und d
040 _amxchpua
_erda
090 _aFOLLETO 2272
100 _aContreras Guillen, Juventino
_927491
245 _aManual de producción de chile jalapeño en los estados de Veracruz y Oaxaca / Juventino Contreras Guillen
260 _aMéxico : INIA
300 _a30 p.
500 _aS/c (Folleto para productores, 7)
650 _a1. Chile-Veracruz2. Chile-Oaxaca3. Chile-ProducciónÌ
_9176047
901 _aFOLLETO 2272
902 _aM
905 _a0000001982 mx a 0000000000spa00
942 _cFOLL
_2local
999 _c209495
_d209495